[Event "Managua Guido Memorial"]
[Site "Managua"]
[Date "2014.02.19"]
[Round "7"]
[White "Allen, Alonso"]
[Black "Campos, Alejandro"]
[Result "1/2-1/2"]
[WhiteElo "1900"]
[BlackElo "1829"]
[PlyCount "128"]
[EventDate "2014.02.06"]
[EventType "tourn"]
[EventRounds "11"]
[EventCountry "NCA"]
[SourceTitle "EXT 2018"]
[Source "ChessBase"]
[SourceDate "2017.10.13"]
[SourceVersion "1"]
[SourceVersionDate "2017.10.13"]
[SourceQuality "1"]

1. Nf3 d5 2. c4 c6 3. Qc2 Nf6 4. g3 g6 5. Bg2 Bf5 6. d3 Bg7 7. 0-0 0-0 8. b3 dxc4 9. bxc4 Re8 10. Bb2 Nbd7 11. Ne5 Nxe5 12. Bxe5 Qd7 13. Nd2 Bh3 14. Nf3 Bxg2 15. Kxg2 c5 16. Rab1 b6 17. a4 Qc6 18. Kg1 Bh6 19. a5 bxa5 20. Rb5 Nd7 21. Bc3 e5 22. Rxa5 e4 23. Nh4 Bg5 24. Ng2 exd3 25. exd3 Nf8 26. d4 cxd4 27. Bxd4 Ne6 28. Bb2 Bh6 29. Rfa1 a6 30. h4 Rec8 31. R5a4 Qb6 32. Bc3 Rc6 33. Qe4 f5 34. Qf3 Rcc8 35. h5 Qc6 36. Qxc6 Rxc6 37. hxg6 hxg6 38. Nh4 Kf7 39. Nf3 Bg7 40. Bxg7 Kxg7 41. Ne5 Rc5 42. Nd7 Rc6 43. Ne5 Rb6 44. Nd3 Kf6 45. c5 Rc6 46. Ra5 g5 47. Nb4 Rxc5 48. Rxa6 Rb8 49. Re1 Rxb4 50. Rexe6+ Kf7 51. Rh6 Rbc4 52. Rh7+ Kg8 53. Rh5 f4 54. Rg6+ Kf7 55. Rgxg5 Rxg5 56. Rxg5 Kf6 57. Rg4 Kf5 58. f3 Rc1+ 59. Kg2 Rc2+ 60. Kh3 fxg3 61. Kxg3 Rc1 62. Ra4 Rg1+ 63. Kf2 Rg8 64. f4 Rb8 1/2-1/2

[Event "Managua Guido Memorial 10th"]
[Site "Managua"]
[Date "2013.02.14"]
[Round "6"]
[White "Campos, Alejandro"]
[Black "Solis Gaitan, Efren"]
[Result "0-1"]
[WhiteElo "1823"]
[BlackElo "2046"]
[PlyCount "68"]
[EventDate "2013.02.01"]
[EventType "tourn"]
[EventRounds "11"]
[EventCountry "NCA"]
[SourceTitle "EXT 2014"]
[Source "ChessBase"]
[SourceDate "2013.11.20"]
[SourceVersion "1"]
[SourceVersionDate "2013.11.20"]
[SourceQuality "1"]

1. d4 g6 2. c4 Bg7 3. Nc3 f5 4. g3 c6 5. Bg2 e6 6. Nf3 d5 7. c5 Nf6 8. 0-0 0-0 9. Bf4 Nbd7 10. Qc2 b5 11. cxb6 axb6 12. Rfc1 Ba6 13. b4 Bc4 14. a4 Qe7 15. Qb2 h6 16. h4 Nh5 17. e3 Kh7 18. Bf1 Nxf4 19. exf4 Bxf1 20. Kxf1 c5 21. dxc5 bxc5 22. b5 d4 23. Nd1 Ra5 24. Qb3 Nb6 25. Nd2 e5 26. fxe5 Qxe5 27. Ra2 f4 28. Nf3 Qh5 29. Kg2 fxg3 30. fxg3 c4 31. Qb4 Qxf3+ 32. Kh2 Rxa4 33. Rxa4 Qe2+ 34. Kh3 Rf1 0-1